=LDR 00000nam 2200000 4500 =001 INLIS000000000038309 =005 20130612144000 =008 ***********************************Ind** =035 ##$$0010-061300000038309 =041 ##$$a Ind =082 ##$$a 932 =090 ##$$a 932, Kra w =100 ##$$a Krames, Jeffrey A =245 ##$$a What the best ceos know, Kiat sukses 7 pemimpin hebat dalam mengubah semua bisnis, Jeffrey A. Kremes;Alih bahasa, Juni Prakoso =260 ##$$a 2005 $b Jakarta =300 ##$$a 216 hlm, Ilus, 24 cm =650 ##$$a Konglomerat =700 ##$$a Prakoso, Juni =850 ##$$a NBPNMAT =990 ##$$a 0001/BPAP-NTB/2015 =990 ##$$a 0001/BPAP-NTB/2016 =990 ##$$a 87098709 =990 ##$$a 01201708709 =990 ##$$a 0001/BPAP-NTB/2015 =990 ##$$a 0001/BPAP-NTB/2016